[Event "25th Chicago Open"]
[Site "Wheeling, IL"]
[Date "2016.05.28"]
[Round "5"]
[White "Whaley, Davis"]
[Black "Shetty, Atulya"]
[Result "0-1"]
[WhiteElo "2212"]
[BlackElo "2366"]
[PlyCount "74"]
[EventDate "2016.05.??"]
[EventType "swiss"]
[EventRounds "9"]
[EventCountry "USA"]
[Source "MonRoi"]

1. d4 d5 2. c4 c6 3. Nc3 Nf6 4. cxd5 cxd5 5. Bf4 Nc6 6. e3 a6 7. Bd3 Bg4 8. f3
Bd7 9. Nge2 e6 10. g4 Be7 11. a3 Na5 12. Na4 Bxa4 13. Qxa4+ b5 14. Qd1 O-O 15.
b3 Rc8 16. Qb1 h5 17. h3 Bd6 18. Bg5 Qc7 19. Bxf6 gxf6 20. gxh5 Kh8 21. a4 bxa4
22. Rxa4 Rb8 23. Kf2 Rg8 24. f4 f5 25. Rg1 Rxg1 26. Qxg1 Rg8 27. Qe1 Nxb3 28.
Rxa6 Qe7 29. Kf1 Bb4 30. Nc3 Rc8 31. Qg3 Bxc3 32. h6 Qf6 33. Bxf5 Qxh6 34. Ke2
Bxd4 35. Bxe6 fxe6 36. Qg4 Nc5 37. Ra7 Bg7 0-1

[Event "25th Chicago Open"]
[Site "Wheeling, IL"]
[Date "2016.05.28"]
[Round "5"]
[White "Foisor, Sabina-francesca"]
[Black "Greanias, Steven"]
[Result "0-1"]
[WhiteElo "2286"]
[BlackElo "2116"]
[PlyCount "39"]
[EventDate "2016.05.??"]
[EventType "swiss"]
[EventRounds "9"]
[EventCountry "USA"]
[Source "MonRoi"]

1. d4 Nf6 2. Nf3 g6 3. Bg5 Bg7 4. Nbd2 c5 5. e3 cxd4 6. exd4 d5 7. Bd3 O-O 8.
c3 Nc6 9. O-O a6 10. Qe2 b5 11. a3 Re8 12. h3 Na5 13. a4 Nc4 14. Nb3 Rb8 15.
Nc5 Nd7 16. axb5 Nxc5 17. dxc5 Rxb5 18. Bxc4 dxc4 19. Be3 Bf5 20. Ne1 0-1

[Event "25th Chicago Open"]
[Site "Wheeling, IL"]
[Date "2016.05.28"]
[Round "5"]
[White "Colas, Joshua"]
[Black "Zaloznyy, Mike"]
[Result "1-0"]
[WhiteElo "2387"]
[BlackElo "2170"]
[PlyCount "57"]
[EventDate "2016.05.??"]
[EventType "swiss"]
[EventRounds "9"]
[EventCountry "USA"]
[Source "MonRoi"]

1. d4 d5 2. c4 e6 3. Nc3 Be7 4. Nf3 Nf6 5. Bg5 h6 6. Bh4 O-O 7. e3 Ne4 8. Bxe7
Qxe7 9. Qc2 Nxc3 10. bxc3 Nd7 11. cxd5 exd5 12. Bd3 Nf6 13. O-O c5 14. c4 Bg4
15. Ne5 Rac8 16. Nxg4 Nxg4 17. Bf5 Nxe3 18. fxe3 Qxe3+ 19. Kh1 Rcd8 20. cxd5
Rxd5 21. dxc5 Qxc5 22. Qxc5 Rxc5 23. Be4 b6 24. Rad1 f5 25. Bf3 Rfc8 26. h3
R8c7 27. Rfe1 Kf7 28. Kh2 Re7 29. Bh5+ 1-0

[Event "25th Chicago Open"]
[Site "Wheeling, IL"]
[Date "2016.05.28"]
[Round "5"]
[White "Haessel, Dale"]
[Black "Amarasinghe, Prashantha"]
[Result "1-0"]
[WhiteElo "2234"]
[BlackElo "2105"]
[PlyCount "59"]
[EventDate "2016.05.??"]
[EventType "swiss"]
[EventRounds "9"]
[EventCountry "USA"]
[Source "MonRoi"]

1. d4 Nf6 2. c4 g6 3. Nc3 Bg7 4. e4 d6 5. Be2 O-O 6. Be3 e5 7. d5 Kh8 8. g4 Ng8
9. g5 f5 10. gxf6 Qxf6 11. Qd2 a5 12. O-O-O Na6 13. h4 h5 14. Nf3 Bg4 15. Ng5
Bxe2 16. Qxe2 Bh6 17. Rdg1 Bxg5 18. Rxg5 Nh6 19. Rhg1 Ng4 20. Rg3 Nc5 21. f3
Nxe3 22. Qxe3 Rg8 23. Rxe5 Nd3+ 24. Kd2 Kh7 25. Reg5 Nxb2 26. Qe2 Qd4+ 27. Kc2
Nxc4 28. f4 Ra6 29. Qxh5+ Kg7 30. Rxg6+ 1-0

[Event "25th Chicago Open"]
[Site "Wheeling, IL"]
[Date "2016.05.29"]
[Round "6.1"]
[White "Durarbayli, Vasif"]
[Black "Petrosian, Tigran"]
[Result "1-0"]
[WhiteElo "2596"]
[BlackElo "2593"]
[PlyCount "107"]
[EventDate "2016.05.??"]
[EventType "swiss"]
[EventRounds "9"]
[EventCountry "USA"]
[Source "MonRoi"]
[WhiteClock "1:05:27"]
[BlackClock "0:17:27"]

1. e4 d6 2. d4 Nf6 3. Nc3 g6 4. Be3 c6 5. Qd2 Nbd7 6. Nf3 Qa5 7. Bd3 e5 8. h3
Bg7 9. O-O O-O 10. a4 Re8 11. dxe5 Nxe5 12. Nxe5 dxe5 13. Bc4 Qb4 14. b3 Be6
15. Bxe6 Rxe6 16. f3 Rd6 17. Qe1 Rd7 18. a5 Bf8 19. Ra4 Qe7 20. Qf2 Rad8 21.
Ne2 Rd1 22. Nc1 Rxf1+ 23. Qxf1 Nh5 24. Nd3 a6 25. Kh2 Nf4 26. Nxf4 exf4 27.
Bxf4 Bg7 28. Be3 Qe5+ 29. f4 Qc3 30. Qe2 Bd4 31. Bxd4 Rxd4 32. Rxd4 Qxd4 33.
Qe1 h5 34. Kg3 Qc5 35. Qd2 Qg1 36. f5 Kh7 37. fxg6+ Kxg6 38. b4 f6 39. h4 c5
40. e5 cxb4 41. exf6 Kxf6 42. Qf2+ Qxf2+ 43. Kxf2 Ke5 44. Ke3 Kd5 45. g4 hxg4
46. Kf4 Kd4 47. h5 Kc3 48. h6 Kxc2 49. h7 b3 50. h8=Q b2 51. Qh7+ Kc1 52. Qh1+
Kc2 53. Qe4+ Kc1 54. Qc4+ 1-0

[Event "25th Chicago Open"]
[Site "Wheeling, IL"]
[Date "2016.05.29"]
[Round "6.2"]
[White "Belous, Vladimir"]
[Black "Zhou, Jianchao"]
[Result "1-0"]
[WhiteElo "2557"]
[BlackElo "2617"]
[PlyCount "95"]
[EventDate "2016.05.??"]
[EventType "swiss"]
[EventRounds "9"]
[EventCountry "USA"]
[Source "MonRoi"]
[WhiteClock "0:34:51"]
[BlackClock "0:00:11"]

1. d4 d5 2. c4 dxc4 3. e4 e5 4. Nf3 exd4 5. Qxd4 Nc6 6. Qxd8+ Nxd8 7. Nc3 Bb4
8. Bd2 Nf6 9. Nb5 Bxd2+ 10. Nxd2 Ne6 11. Bxc4 a6 12. Bxe6 axb5 13. Bxc8 Rxc8
14. Ke2 Ra8 15. Rhc1 c6 16. a4 Rxa4 17. Rxa4 bxa4 18. Rc4 Kd7 19. Rxa4 Kc7 20.
h3 Nd7 21. Ke3 Nc5 22. Ra5 Na6 23. Nf3 c5 24. Ng5 f6 25. Ne6+ Kb6 26. Ra1 g6
27. Rd1 Kc6 28. f4 Re8 29. Nd8+ Kc7 30. Nf7 Nb4 31. Rd2 Re7 32. Nd6 Nc2+ 33.
Rxc2 Kxd6 34. Rd2+ Kc6 35. Rd8 Rd7 36. Rf8 c4 37. f5 gxf5 38. Rxf6+ Kc5 39.
Rxf5+ Kb4 40. Rd5 Rg7 41. e5 Rxg2 42. e6 Rg7 43. Re5 Re7 44. Kd4 Kb3 45. Kd5
Re8 46. Re3+ Kxb2 47. Kxc4 Kc2 48. e7 1-0

[Event "25th Chicago Open"]
[Site "Wheeling, IL"]
[Date "2016.05.29"]
[Round "6.3"]
[White "Nyzhnyk, Illia"]
[Black "Ju, Wenjun"]
[Result "1/2-1/2"]
[WhiteElo "2622"]
[BlackElo "2559"]
[PlyCount "164"]
[EventDate "2016.05.??"]
[EventType "swiss"]
[EventRounds "9"]
[EventCountry "USA"]
[Source "MonRoi"]
[WhiteClock "0:15:40"]
[BlackClock "0:08:43"]

1. d4 Nf6 2. c4 e6 3. Nf3 d5 4. Nc3 c5 5. cxd5 cxd4 6. Qa4+ Bd7 7. Qxd4 exd5 8.
Nxd5 Qa5+ 9. Nc3 Nc6 10. Qd1 Ne4 11. Bd2 Nxd2 12. Qxd2 Rd8 13. e3 g6 14. Be2
Bg7 15. Qc2 O-O 16. O-O Be6 17. a3 Qb6 18. Rac1 Bb3 19. Qb1 Rfe8 20. h3 Na5 21.
Bd1 Bxd1 22. Rfxd1 Nc4 23. Rxd8 Rxd8 24. b4 Nxe3 25. Na4 Qb5 26. Nc5 Nf5 27. a4
Qb6 28. Qe4 Nd6 29. Qf4 a5 30. b5 Nf5 31. Qe4 Rc8 32. Qd5 Qd6 33. Qxd6 Nxd6 34.
Rd1 Nxb5 35. Nxb7 Nc3 36. Rd7 Ra8 37. Nd2 Nxa4 38. Nc4 Bc3 39. Rd5 Bb4 40.
Nbxa5 Nc3 41. Re5 f6 42. Re3 Nd5 43. Rb3 Rc8 44. Ne3 Rc1+ 45. Kh2 Bd6+ 46. g3
Nxe3 47. Rxe3 Rc2 48. Rf3 Bc5 49. Kg2 Kf7 50. Nb3 Bb6 51. h4 Ke6 52. Na1 Rb2
53. Nb3 Bxf2 54. Rxf2 Rxb3 55. Re2+ Kf7 56. Ra2 Re3 57. Ra7+ Re7 58. Ra6 h6 59.
Rb6 Rd7 60. Kf3 Ke7 61. Rb8 h5 62. Rb3 Ke6 63. Re3+ Kf5 64. Ra3 Rd5 65. Rb3 Ke5
66. Re3+ Kf5 67. Ra3 g5 68. hxg5 fxg5 69. Rb3 g4+ 70. Ke3 Re5+ 71. Kf2 Rc5 72.
Ke3 Kg5 73. Kf2 Kf6 74. Re3 Kf5 75. Ra3 Rd5 76. Ke3 Kg5 77. Kf2 Kf6 78. Rb3
Rd2+ 79. Ke3 Rd5 80. Kf2 Re5 81. Rb6+ Kf5 82. Rb3 Rd5 1/2-1/2

[Event "25th Chicago Open"]
[Site "Wheeling, IL"]
[Date "2016.05.29"]
[Round "6.4"]
[White "Chirila, Ioan"]
[Black "Avrukh, Boris"]
[Result "1/2-1/2"]
[WhiteElo "2530"]
[BlackElo "2598"]
[PlyCount "54"]
[EventDate "2016.05.??"]
[EventType "swiss"]
[EventRounds "9"]
[EventCountry "USA"]
[Source "MonRoi"]
[WhiteClock "0:22:50"]
[BlackClock "0:27:11"]

1. d4 Nf6 2. c4 g6 3. Nc3 d5 4. Nf3 Bg7 5. cxd5 Nxd5 6. Bg5 h6 7. Bh4 c5 8. Rc1
Nxc3 9. bxc3 O-O 10. e3 Be6 11. Qd2 Nc6 12. Be2 Rc8 13. O-O cxd4 14. cxd4 g5
15. Bg3 Qa5 16. Bc4 Bxc4 17. Rxc4 g4 18. Rc5 Qxd2 19. Nxd2 b6 20. Rc4 Na5 21.
Rcc1 Rfd8 22. Bh4 f6 23. h3 gxh3 24. gxh3 Kf7 25. f4 e6 26. Kf2 Bf8 27. Ke2 Be7
1/2-1/2

[Event "25th Chicago Open"]
[Site "Wheeling, IL"]
[Date "2016.05.29"]
[Round "6"]
[White "Bryant, John"]
[Black "Stukopin, Andrey"]
[Result "0-1"]
[WhiteElo "2439"]
[BlackElo "2595"]
[PlyCount "46"]
[EventDate "2016.05.??"]
[EventType "swiss"]
[EventRounds "9"]
[EventCountry "USA"]
[Source "MonRoi"]

1. e4 e5 2. Nf3 Nc6 3. Bb5 a6 4. Ba4 Nf6 5. O-O Be7 6. Re1 b5 7. Bb3 d6 8. c3
O-O 9. d4 Bg4 10. Be3 exd4 11. cxd4 Na5 12. Bc2 c5 13. d5 Nc4 14. Bc1 Nd7 15.
h3 Bxf3 16. Qxf3 Bg5 17. Qd1 Bf6 18. Nc3 Qa5 19. Qd3 Nde5 20. Qd1 Ng6 21. Qd3
Rfe8 22. Re2 Nxb2 23. Bxb2 Nf4 0-1

[Event "25th Chicago Open"]
[Site "Wheeling, IL"]
[Date "2016.05.29"]
[Round "6"]
[White "Zherebukh, Yaroslav"]
[Black "Brown, Michael"]
[Result "1-0"]
[WhiteElo "2595"]
[BlackElo "2418"]
[PlyCount "109"]
[EventDate "2016.05.??"]
[EventType "swiss"]
[EventRounds "9"]
[EventCountry "USA"]
[Source "MonRoi"]

1. d4 d5 2. c4 dxc4 3. e4 e5 4. Nf3 exd4 5. Bxc4 Nc6 6. O-O Be6 7. Bxe6 fxe6 8.
Qb3 Qd7 9. Qxb7 Rb8 10. Qa6 Nf6 11. Nbd2 Bd6 12. b3 O-O 13. Bb2 e5 14. Rfc1 Rb6
15. Qe2 Kh8 16. Nc4 Rbb8 17. Ne1 a5 18. Nd3 Ra8 19. a4 Rfe8 20. Ba3 Rab8 21.
Rab1 h6 22. f3 Rec8 23. Qd2 Qe6 24. Bc5 Kh7 25. h3 Rb7 26. Na3 Nd7 27. Bxd6
cxd6 28. Nb5 d5 29. exd5 Qxd5 30. b4 Nb6 31. Rc5 Qe6 32. bxa5 Nxa4 33. Qc2 Nxc5
34. Nxc5+ d3 35. Qxd3+ e4 36. Qe3 Rxb5 37. Nxe6 Rxb1+ 38. Kh2 Rb7 39. Qxe4+ Kh8
40. Nf4 Rbc7 41. Nd5 Rf7 42. Qe6 Rff8 43. Nb6 Rc7 44. Qd6 Rff7 45. Nd5 Rc8 46.
a6 Kh7 47. Qe6 Rff8 48. f4 Rfe8 49. Qd7 Red8 50. Qb7 Na5 51. Qb1+ Kh8 52. Ne7
Rb8 53. Qf5 Re8 54. Ng6+ Kh7 55. Nh4+ 1-0

[Event "25th Chicago Open"]
[Site "Wheeling, IL"]
[Date "2016.05.29"]
[Round "6"]
[White "Ludwig, John"]
[Black "Macieja, Bartlomiej"]
[Result "0-1"]
[WhiteElo "2348"]
[BlackElo "2554"]
[PlyCount "82"]
[EventDate "2016.05.??"]
[EventType "swiss"]
[EventRounds "9"]
[EventCountry "USA"]
[Source "MonRoi"]

1. e4 c6 2. Nf3 d5 3. exd5 cxd5 4. Ne5 Nc6 5. d4 e6 6. c3 Bd6 7. f4 Nge7 8. Bd3
O-O 9. O-O f6 10. Qh5 Nf5 11. Bxf5 exf5 12. Nd3 Re8 13. Qf3 Bf8 14. b4 Be6 15.
Nd2 Bf7 16. a4 a5 17. b5 Na7 18. Qh3 Rc8 19. Bb2 Re2 20. Rad1 Qd7 21. Rfe1 Rce8
22. Qf3 Rxe1+ 23. Nxe1 Nc8 24. Nc2 Nd6 25. Ne3 Ne4 26. Nb3 b6 27. h3 Bd6 28.
Rf1 Rc8 29. Rc1 Be6 30. g4 fxg4 31. hxg4 Qc7 32. c4 Qb7 33. Re1 dxc4 34. d5 Bf7
35. Nd4 c3 36. Bc1 Nd2 37. Qg3 Bxd5 38. g5 fxg5 39. Qxg5 Be4 40. Qg4 Bc5 41.
Qe6+ Kh8 0-1

[Event "25th Chicago Open"]
[Site "Wheeling, IL"]
[Date "2016.05.29"]
[Round "6"]
[White "Vazquez, Guillermo"]
[Black "Baryshpolets, Andrey"]
[Result "1/2-1/2"]
[WhiteElo "2401"]
[BlackElo "2550"]
[PlyCount "42"]
[EventDate "2016.05.??"]
[EventType "swiss"]
[EventRounds "9"]
[EventCountry "USA"]
[Source "MonRoi"]

1. e4 e5 2. Nf3 Nc6 3. Bc4 Bc5 4. c3 Nf6 5. d3 d6 6. O-O a6 7. Nbd2 Ba7 8. Bb3
O-O 9. h3 Nh5 10. Nc4 Qf6 11. Ne3 Nf4 12. Kh1 Qg6 13. Nh4 Qg5 14. Nf3 Qh5 15.
Ne1 Qg6 16. Qf3 h5 17. Nf5 Bxf5 18. exf5 Qxf5 19. Bxf4 Qxf4 20. Qxh5 Ne7 21.
Nf3 g6 1/2-1/2

[Event "25th Chicago Open"]
[Site "Wheeling, IL"]
[Date "2016.05.29"]
[Round "6"]
[White "Bregadze, Levan"]
[Black "Larson, Matthew"]
[Result "1/2-1/2"]
[WhiteElo "2467"]
[BlackElo "2306"]
[PlyCount "76"]
[EventDate "2016.05.??"]
[EventType "swiss"]
[EventRounds "9"]
[EventCountry "USA"]
[Source "MonRoi"]

1. Nf3 c5 2. c4 Nc6 3. Nc3 e5 4. g3 g6 5. Bg2 Bg7 6. O-O d6 7. a3 a5 8. Ne1 Be6
9. d3 Nge7 10. Nc2 d5 11. cxd5 Nxd5 12. Ne3 Nb6 13. Bxc6+ bxc6 14. Ne4 c4 15.
dxc4 O-O 16. Qb3 Rb8 17. Qc2 Qe7 18. c5 Nd7 19. Nc4 a4 20. Be3 Bd5 21. Ned6 f5
22. f3 Rb3 23. Rad1 Qe6 24. Rd3 Rfb8 25. Rxb3 Rxb3 26. Rd1 e4 27. f4 h5 28. Kf2
h4 29. Rg1 hxg3+ 30. Rxg3 Qf6 31. Ne8 Qh4 32. Kg2 Bh6 33. Rh3 Qg4+ 34. Rg3 Qh4
35. Nc7 Nf6 36. Rh3 Qg4+ 37. Rg3 Qh4 38. Rh3 Qg4+ 1/2-1/2

[Event "25th Chicago Open"]
[Site "Wheeling, IL"]
[Date "2016.05.29"]
[Round "6"]
[White "Mulyar, Michael"]
[Black "Alejano, Carlos"]
[Result "1/2-1/2"]
[WhiteElo "2388"]
[BlackElo "2533"]
[PlyCount "69"]
[EventDate "2016.05.??"]
[EventType "swiss"]
[EventRounds "9"]
[EventCountry "USA"]
[Source "MonRoi"]

1. d4 Nf6 2. Nf3 e6 3. c4 b6 4. g3 c6 5. Bg2 d5 6. O-O Be7 7. b3 O-O 8. Bb2 Bb7
9. Nc3 Na6 10. Ne5 Nd7 11. Nd3 Bd6 12. Rc1 f5 13. cxd5 exd5 14. f4 Nc7 15. Ne5
Ne6 16. e3 Qe7 17. Nb1 Rac8 18. Qd3 g6 19. Rc2 Nf6 20. Rfc1 c5 21. Nd2 Rc7 22.
Ndf3 Rfc8 23. h4 Ne4 24. Kh2 Ng7 25. dxc5 Rxc5 26. Rxc5 Rxc5 27. Rxc5 Nxc5 28.
Qd1 Nge6 29. Ng5 Nxg5 30. hxg5 Ne4 31. Bxe4 dxe4 32. Qd4 Bxe5 33. Qxe5 Qxe5 34.
Bxe5 Kf7 35. Kg2 1/2-1/2

[Event "25th Chicago Open"]
[Site "Wheeling, IL"]
[Date "2016.05.29"]
[Round "6"]
[White "Shabalov, Alexander"]
[Black "Mandizha, Farai"]
[Result "1-0"]
[WhiteElo "2533"]
[BlackElo "2368"]
[PlyCount "77"]
[EventDate "2016.05.??"]
[EventType "swiss"]
[EventRounds "9"]
[EventCountry "USA"]
[Source "MonRoi"]

1. Nf3 Nf6 2. g3 d5 3. Bg2 Bf5 4. d3 h6 5. c4 dxc4 6. Ne5 c6 7. Nxc4 Nbd7 8.
O-O e5 9. b4 Qc7 10. a3 Rd8 11. Bb2 Be7 12. Nbd2 O-O 13. Rc1 Rfe8 14. b5 c5 15.
Qa4 b6 16. e4 Bg4 17. f3 Be6 18. f4 exf4 19. gxf4 Nh5 20. e5 f5 21. d4 cxd4 22.
Nd6 Nc5 23. Nxe8 Qd7 24. Rxc5 Bxc5 25. Nd6 Bxd6 26. exd6 Qxd6 27. Qb4 Qc7 28.
Nf3 Nxf4 29. Nxd4 Rxd4 30. Bxd4 Nxg2 31. Kxg2 Bd5+ 32. Kg1 Qc2 33. Bf2 Qe2 34.
Qf4 Be4 35. Rc1 Kh7 36. Qg3 Qxb5 37. Bd4 Qd7 38. Qe5 Qf7 39. Rc7 1-0

[Event "25th Chicago Open"]
[Site "Wheeling, IL"]
[Date "2016.05.29"]
[Round "6"]
[White "Li, Ruifeng"]
[Black "Kavutskiy, Konstantin"]
[Result "1-0"]
[WhiteElo "2517"]
[BlackElo "2365"]
[PlyCount "99"]
[EventDate "2016.05.??"]
[EventType "swiss"]
[EventRounds "9"]
[EventCountry "USA"]
[Source "MonRoi"]

1. b3 g6 2. Bb2 Nf6 3. e4 d6 4. g3 Bg7 5. Bg2 O-O 6. Ne2 e5 7. O-O Nc6 8. c4
Re8 9. d3 Ne7 10. d4 Nd7 11. Nbc3 exd4 12. Nxd4 Nc5 13. Qd2 Bd7 14. Rad1 Nc6
15. Nde2 a5 16. f3 Nb4 17. Nb1 Bxb2 18. Qxb2 Qg5 19. Nf4 Qe5 20. Qd2 Be6 21.
Nc3 a4 22. Nxe6 fxe6 23. Nb5 axb3 24. f4 Qg7 25. Qxb4 Ra4 26. Qe1 bxa2 27. e5
Nb3 28. Qc3 a1=Q 29. Rxa1 Rxa1 30. Rxa1 Nxa1 31. Qxa1 dxe5 32. fxe5 Rd8 33. h3
Qe7 34. Kh2 Qc5 35. Qc3 Rd1 36. h4 Qg1+ 37. Kh3 Qf2 38. Nxc7 Re1 39. Qd3 Rxe5
40. Qd8+ Qf8 41. Qxf8+ Kxf8 42. Bxb7 Ke7 43. Na6 Kd6 44. c5+ Rxc5 45. Nxc5 Kxc5
46. Kg4 Kd4 47. Kg5 Ke3 48. g4 e5 49. Kh6 Kf4 50. g5 1-0

[Event "25th Chicago Open"]
[Site "Wheeling, IL"]
[Date "2016.05.29"]
[Round "6"]
[White "Vibbert, Sean"]
[Black "Tan, Justin"]
[Result "0-1"]
[WhiteElo "2350"]
[BlackElo "2469"]
[PlyCount "110"]
[EventDate "2016.05.??"]
[EventType "swiss"]
[EventRounds "9"]
[EventCountry "USA"]
[Source "MonRoi"]

1. e4 e6 2. d4 d5 3. Nc3 Nf6 4. exd5 exd5 5. Bd3 Be7 6. Nge2 O-O 7. O-O Re8 8.
Bf4 a6 9. Ng3 Nc6 10. Be2 Be6 11. a3 Bf8 12. Qd2 g6 13. Rad1 b5 14. Na2 Bg7 15.
Nb4 Na5 16. b3 Qc8 17. Be5 c5 18. dxc5 Qxc5 19. Nd3 Qb6 20. Qf4 Qd8 21. Bc7 g5
22. Bxd8 gxf4 23. Bxf6 Bxf6 24. Nxf4 Rac8 25. Bd3 Bb2 26. Rfe1 Bxa3 27. Ngh5
Bb2 28. Re3 Nc6 29. Rde1 Nb4 30. R1e2 Nxd3 31. Nxd3 Bd4 32. Rg3+ Kf8 33. Kf1 a5
34. Nhf4 a4 35. bxa4 bxa4 36. Nxe6+ Rxe6 37. Nf4 Rxe2 38. Kxe2 Be5 39. Ra3 Bxf4
40. Rxa4 Rxc2+ 41. Kf3 Bxh2 42. Rd4 Bg1 43. Rxd5 Rxf2+ 44. Kg3 Rf6 45. Rb5 Bf2+
46. Kg4 Kg7 47. Rb2 Bc5 48. Rb5 Bd6 49. Rb2 Kg6 50. Rd2 h5+ 51. Kh3 Re6 52. Rd3
Bf4 53. g3 Re3 54. Rd1 Rxg3+ 55. Kh4 Rg2 0-1

[Event "25th Chicago Open"]
[Site "Wheeling, IL"]
[Date "2016.05.29"]
[Round "6"]
[White "Jayaram, Ashwin"]
[Black "Homa, Seth"]
[Result "1-0"]
[WhiteElo "2460"]
[BlackElo "2325"]
[PlyCount "77"]
[EventDate "2016.05.??"]
[EventType "swiss"]
[EventRounds "9"]
[EventCountry "USA"]
[Source "MonRoi"]

1. e4 e5 2. Nf3 Nc6 3. Bb5 a6 4. Ba4 Nf6 5. O-O Be7 6. Re1 b5 7. Bb3 O-O 8. a3
d6 9. c3 Na5 10. Ba2 c5 11. d4 exd4 12. cxd4 Bg4 13. d5 Nd7 14. h3 Bxf3 15.
Qxf3 Bg5 16. Qg3 Bxc1 17. Rxc1 Qf6 18. Nd2 c4 19. b3 cxb3 20. Bxb3 Rac8 21. Qe3
Qb2 22. Rcb1 Qc3 23. Qe1 Ne5 24. Ra2 Qd4 25. Bd1 Rc3 26. Nf3 Nxf3+ 27. Bxf3 Nb3
28. Rd1 Qc5 29. e5 Re8 30. Re2 Nd4 31. Re4 Nxf3+ 32. gxf3 Rxf3 33. Rc1 Qxd5 34.
exd6 Rf8 35. Re8 Qxd6 36. Rcc8 Rf6 37. Rxf8+ Qxf8 38. Qe8 Rg6+ 39. Kf1 1-0

[Event "25th Chicago Open"]
[Site "Wheeling, IL"]
[Date "2016.05.29"]
[Round "6"]
[White "Bora, Safal"]
[Black "Santarius, Erik"]
[Result "1/2-1/2"]
[WhiteElo "2412"]
[BlackElo "2302"]
[PlyCount "40"]
[EventDate "2016.05.??"]
[EventType "swiss"]
[EventRounds "9"]
[EventCountry "USA"]
[Source "MonRoi"]

1. Nf3 d5 2. g3 Nf6 3. Bg2 g6 4. c4 c6 5. cxd5 cxd5 6. d4 Bg7 7. Nc3 O-O 8. Ne5
Nc6 9. O-O e6 10. Nxc6 bxc6 11. Na4 Nd7 12. Be3 Qa5 13. Rc1 Ba6 14. b3 Rfc8 15.
Rc2 Bb5 16. Nc3 Ba6 17. Na4 Bb5 18. Nc3 Ba6 19. Na4 Bb5 20. Nc3 Ba6 1/2-1/2

[Event "25th Chicago Open"]
[Site "Wheeling, IL"]
[Date "2016.05.29"]
[Round "6"]
[White "Carmenate, Holden"]
[Black "Felecan, Florin"]
[Result "0-1"]
[WhiteElo "2518"]
[BlackElo "2320"]
[PlyCount "66"]
[EventDate "2016.05.??"]
[EventType "swiss"]
[EventRounds "9"]
[EventCountry "USA"]
[Source "MonRoi"]

1. d4 d6 2. Nf3 g6 3. e4 Bg7 4. Bc4 Nc6 5. O-O Nf6 6. Qe2 Bg4 7. c3 O-O 8. Nbd2
e5 9. d5 Ne7 10. h3 Bd7 11. Re1 c6 12. dxc6 Bxc6 13. Bb5 Nh5 14. Nf1 h6 15. a4
d5 16. Bxc6 bxc6 17. g4 dxe4 18. Qxe4 Nf6 19. Qxe5 Ned5 20. Qd4 Re8 21. Qc4
Rxe1 22. Nxe1 Qd6 23. Be3 Re8 24. Ng2 Nxe3 25. Ngxe3 Ne4 26. Kg2 Qf6 27. Qe2
Ng5 28. Ng3 Bf8 29. Rd1 Re5 30. h4 Ne6 31. Qf3 Qxh4 32. Ne4 Rxe4 33. Rh1 Nf4+
0-1

[Event "25th Chicago Open"]
[Site "Wheeling, IL"]
[Date "2016.05.29"]
[Round "6"]
[White "Li, Ethan"]
[Black "Sarkar, Justin"]
[Result "0-1"]
[WhiteElo "2255"]
[BlackElo "2430"]
[PlyCount "58"]
[EventDate "2016.05.??"]
[EventType "swiss"]
[EventRounds "9"]
[EventCountry "USA"]
[Source "MonRoi"]

1. d4 Nf6 2. c4 g6 3. Nc3 d5 4. cxd5 Nxd5 5. e4 Nxc3 6. bxc3 Bg7 7. Be3 c5 8.
Qd2 Qa5 9. Rc1 O-O 10. Nf3 Bg4 11. Ng5 Na6 12. h3 Rac8 13. hxg4 cxd4 14. c4 Nb4
15. Bf4 d3 16. Nf3 Qa4 17. Be5 Nc2+ 18. Rxc2 dxc2 19. Bxg7 Rfd8 20. Bd4 Qb4 21.
Qxb4 c1=Q+ 22. Ke2 Rxc4 23. Qxe7 Rc2+ 24. Kd3 Rc3+ 25. Ke2 Rc2+ 26. Kd3 Rc3+
27. Ke2 Qc2+ 28. Ke1 Qb1+ 29. Ke2 Qd3+ 0-1

[Event "25th Chicago Open"]
[Site "Wheeling, IL"]
[Date "2016.05.29"]
[Round "6"]
[White "Kiewra, Keaton"]
[Black "Feng, Maggie"]
[Result "1-0"]
[WhiteElo "2425"]
[BlackElo "2227"]
[PlyCount "67"]
[EventDate "2016.05.??"]
[EventType "swiss"]
[EventRounds "9"]
[EventCountry "USA"]
[Source "MonRoi"]

1. e4 e6 2. d4 d5 3. Nd2 Nf6 4. e5 Nfd7 5. Bd3 c5 6. c3 Nc6 7. Ne2 cxd4 8. cxd4
f6 9. exf6 Nxf6 10. O-O Bd6 11. Nf3 Qb6 12. Nc3 O-O 13. Be3 Bd7 14. Rc1 Kh8 15.
Ne5 Be8 16. Na4 Qa5 17. Nc5 Bxc5 18. Rxc5 Qxa2 19. Qc1 Nb4 20. Bb1 Qa6 21. Rc7
Qd6 22. Bf4 Qd8 23. Rxb7 a5 24. Qe3 Nc6 25. Rc1 Rc8 26. Rc5 Nb4 27. Rxg7 Rxc5
28. dxc5 Kxg7 29. Bh6+ Kh8 30. Bxf8 Qc7 31. Qh6 Ne4 32. Qxe6 Bh5 33. Bxe4 dxe4
34. Be7 1-0

[Event "25th Chicago Open"]
[Site "Wheeling, IL"]
[Date "2016.05.29"]
[Round "6"]
[White "Shetty, Atulya"]
[Black "Giannatos, Peter"]
[Result "1/2-1/2"]
[WhiteElo "2366"]
[BlackElo "2185"]
[PlyCount "141"]
[EventDate "2016.05.??"]
[EventType "swiss"]
[EventRounds "9"]
[EventCountry "USA"]
[Source "MonRoi"]

1. c4 e6 2. Nc3 d5 3. d4 Be7 4. cxd5 exd5 5. Bf4 c6 6. e3 Bf5 7. g4 Be6 8. h4
Nd7 9. g5 Nb6 10. Bd3 Bd6 11. Nge2 Ne7 12. Qc2 Qd7 13. Bxd6 Qxd6 14. O-O-O Qd7
15. Nf4 O-O-O 16. Nxe6 Qxe6 17. Ne2 Kb8 18. h5 Rc8 19. Kb1 g6 20. Rh4 Qd6 21.
Rf4 Rhf8 22. Rh1 c5 23. dxc5 Rxc5 24. Qd2 Qe5 25. Nd4 Nc4 26. Bxc4 dxc4 27.
hxg6 hxg6 28. Rh7 c3 29. bxc3 Nd5 30. Rfxf7 Rxf7 31. Rxf7 Nxc3+ 32. Ka1 a6 33.
Qb2 Qd5 34. Rf8+ Ka7 35. f3 Ra5 36. a3 Qc5 37. Nc2 Rb5 38. Nb4 Qxe3 39. Qc2
Rxg5 40. Kb2 Nb5 41. Qd3 Qe6 42. Ra8+ Kxa8 43. Qd8+ Ka7 44. Qxg5 Qe2+ 45. Nc2
Qxf3 46. Qg1+ Ka8 47. Qxg6 Qc3+ 48. Ka2 Qc5 49. Qe8+ Ka7 50. Qe3 Qxe3 51. Nxe3
Kb6 52. Kb3 Kc5 53. Ng2 Nd4+ 54. Kc3 b5 55. Nf4 a5 56. Kd3 Nc6 57. Kc3 Ne5 58.
Ne6+ Kb6 59. Nd4 Nc6 60. Ne6 Ne7 61. Nf4 Kc6 62. Nd3 Kd5 63. a4 bxa4 64. Nb2 a3
65. Na4 a2 66. Kb2 Kc4 67. Kxa2 Nd5 68. Ka3 Nc7 69. Nb2+ Kc3 70. Ka4 Kxb2 71.
Kxa5 1/2-1/2

[Event "25th Chicago Open"]
[Site "Wheeling, IL"]
[Date "2016.05.29"]
[Round "6"]
[White "Karagianis, Petros"]
[Black "Colas, Joshua"]
[Result "1-0"]
[WhiteElo "2189"]
[BlackElo "2387"]
[PlyCount "105"]
[EventDate "2016.05.??"]
[EventType "swiss"]
[EventRounds "9"]
[EventCountry "USA"]
[Source "MonRoi"]

1. d4 Nf6 2. c4 e6 3. Nf3 b6 4. g3 Bb7 5. Bg2 Be7 6. O-O O-O 7. Nc3 Ne4 8. Qc2
Nxc3 9. Qxc3 c5 10. Rd1 d6 11. d5 e5 12. e4 Nd7 13. a3 a6 14. Qd3 Rb8 15. Be3
Bc8 16. b4 Qc7 17. Rac1 Nf6 18. bxc5 bxc5 19. Nxe5 dxe5 20. d6 Bxd6 21. Qxd6
Qxd6 22. Rxd6 Bb7 23. f3 Ba8 24. Bxc5 Rfc8 25. Bb4 Rc6 26. Rcd1 Ne8 27. Rxc6
Bxc6 28. Kf2 f6 29. Bh3 Kf7 30. Bd7 a5 31. Bxa5 Rb2+ 32. Kg1 Bxd7 33. Rxd7+ Ke6
34. Ra7 Kd6 35. Bb4+ Kc6 36. Re7 Nc7 37. Rxg7 Ne6 38. Rf7 Nd4 39. Rxf6+ Kb7 40.
h4 Rc2 41. c5 Kc7 42. Kf1 Ne2 43. g4 Nf4 44. c6 Kb6 45. Ke1 Ng2+ 46. Kf1 Nxh4
47. Be7 Ng6 48. Bd8+ Kc5 49. Ke1 Nf4 50. Kd1 Rc3 51. Ba5 Rc4 52. c7 Kb5 53. Rf8
1-0